Sixty years of Pakistan-China friendship (Record no. 10740)
[ view plain ]
| 000 -LEADER | |
|---|---|
| fixed length control field | 00393 a2200145 4500 |
| 082 ## - DEWEY DECIMAL CLASSIFICATION NUMBER | |
| Classification number | 327 |
| 090 ## - LOCALLY ASSIGNED LC-TYPE CALL NUMBER (OCLC); LOCAL CALL NUMBER (RLIN) | |
| -- | 6931 |
| -- | 6931 |
| 100 ## - MAIN ENTRY--PERSONAL NAME | |
| Personal name | Embassy of pakistan |
| 245 ## - TITLE STATEMENT | |
| Title | Sixty years of Pakistan-China friendship |
| Statement of responsibility, etc. | Embassy of pakistan |
| 260 ## - PUBLICATION, DISTRIBUTION, ETC. | |
| Place of publication, distribution, etc. | China |
| Name of publisher, distributor, etc. | Embassy of pakistan |
| Date of publication, distribution, etc. | 2011 |
| 300 ## - PHYSICAL DESCRIPTION | |
| Extent | 190 p. |
| 650 ## - SUBJECT ADDED ENTRY--TOPICAL TERM | |
| Topical term or geographic name entry element | Pakistan--China friendship |
| 700 ## - ADDED ENTRY--PERSONAL NAME | |
| Personal name | Embassy of pakistan |
| 942 ## - ADDED ENTRY ELEMENTS (KOHA) | |
| Koha item type | Book |
| Call number prefix | 327 PAK |
| Withdrawn status | Lost status | Damaged status | Not for loan | Permanent Location | Current Location | Shelving location | Date acquired | Full call number | Barcode | Date last seen | Price effective from | Koha item type |
|---|---|---|---|---|---|---|---|---|---|---|---|---|
| Central Library (CL) | Central Library (CL) | Chinese Studies | 04/29/2024 | 327 PAK | SEECSD00429 | 11/14/2012 | 11/14/2012 | Book |
